Minerva (Record no. 2558)

MARC details
000 -LEADER
campo de control de longitud fija 00789nas a2200253 i 4500
001 - NÚMERO DE CONTROL
campo de control 2558
003 - IDENTIFICADOR DE NÚMERO DE CONTROL
campo de control ES-MaACL
005 - FECHA Y HORA DE LA ÚLTIMA TRANSACCIÓN
campo de control 20250217134651.0
008 - DATOS DE LONGITUD FIJA--INFORMACIÓN GENERAL
campo de control de longitud fija 950801c1911 gw | | 1 ||er d
080 ## - NÚMERO DE LA CLASIFICACIÓN DECIMAL UNIVERSAL
Número de la Clasificación Decimal Universal 058
245 00 - MENCIÓN DEL TÍTULO
Título Minerva
Resto del título : handbuch der gelehrten welt /
Mención de responsabilidad, etc. bearbeitet von Dr. G. Ludtke und J. Beugel.
260 ## - PUBLICACIÓN, DISTRIBUCIÓN, ETC.
Lugar de publicación, distribución, etc. Strassburg, etc ;
-- [Bonn :
Nombre del editor, distribuidor, etc. Karl J. Trübner, etc :
-- Carl Georgi],
Fecha de publicación, distribución, etc. [1911]- (
Lugar de fabricación/manufactura Leipzig :
Fabricante C.G. Röder)
300 ## - DESCRIPCIÓN FÍSICA
Extensión 3 v. ;
Dimensiones 21 cm.
310 ## - PERIODICIDAD ACTUAL
Periodicidad actual Anual
362 0# - FECHAS DE PUBLICACIÓN Y/O DESIGNACIÓN SECUENCIAL
Fecha de publicación y/o designación secuencial [1911]-
650 #4 - PUNTO DE ACCESO ADICIONAL DE MATERIA--TÉRMINO DE MATERIA
Término de materia o nombre geográfico como elemento de entrada Universidades
Subdivisión de forma Publicaciones periodicas
9 (RLIN) 227294
655 #7 - TERMINO DE INDIZACIÓN--GENERO/FORMA
Fuente del término tgfbne
9 (RLIN) 226822
Datos o término principal de género/forma Anuarios
700 1# - ENTRADA AGREGADA--NOMBRE PERSONAL
Nombre de persona Ludtke, G.
9 (RLIN) 74616
700 1# - ENTRADA AGREGADA--NOMBRE PERSONAL
Nombre de persona Beugel, J.
9 (RLIN) 28704
852 ## - LOCALIZACIÓN
Ubicación ES-MaACL
Número de control de estantería B-13713-15
866 #1 - MENCIÓN TEXTUAL DE FONDOS--UNIDAD BIBLIOGRÁFICA BÁSICA
Fondos 1911-13,1925.
942 ## - ELEMENTOS DE ENTRADA SECUNDARIOS (KOHA)
Fuente del sistema de clasificación o colocación Clasificación decimal universal
Holdings
Estatus retirado Estado de pérdida Estado de daño No para préstamo Colección Biblioteca de origen Biblioteca actual Ubicación en estantería Fecha de adquisición Fuente de adquisición Total de préstamos Signatura topográfica completa Código de barras Visto por última vez Precio de reemplazo Tipo de ítem Koha
        Periódicos y Revistas Biblioteca del Ateneo de Madrid Biblioteca del Ateneo de Madrid Sala Pardo Bazán 17/01/2008     B-13713-15 1002601 23/02/2023 23/02/2023 Revista